| 000 | 00557nmm a2200169Ia 4500 | ||
|---|---|---|---|
| 008 | 251105s9999||||xx |||||||||||||||||und|| | ||
| 041 | _aspa | ||
| 100 | _aCossío Díaz, José Ramón | ||
| 245 | 0 | _aTransferencias y justicia intergeneracionales | |
| 264 |
_a[México D.C., Mexico] : _bEl Colegio de México, _c2023 |
||
| 300 | _a232 páginas | ||
| 650 | _aHistory of the Americas: Latin America | ||
| 700 | _aCossío Díaz, José Ramón | ||
| 700 | 1 | _a Ugalde, Vicente (eds.) | |
| 856 | _uhttps://public.digitaliapublishing.com/a/131891 | ||
| 942 | _cCF | ||
| 999 |
_c64276 _d64276 |
||